Особенности формирования геологических моделей месторождений нефти и газа с низкоомными коллекторами; Проблемы и перспективы развития минерально-сырьевой базы и предприятий ТЭК Сибири

Dades bibliogràfiques
Parent link:Проблемы и перспективы развития минерально-сырьевой базы и предприятий ТЭК Сибири.— 2005.— С. 109-115.
Altres autors: Екимов В. С., Ростовцев В. Н., Ростовцев В. В., Филиппов В. М.
Idioma:rus
Publicat: 2005
Matèries:
Format: Capítol de llibre
KOHA link:https://koha.lib.tpu.ru/cgi-bin/koha/opac-detail.pl?biblionumber=97182

MARC

LEADER 00000naa2a2200000 4500
001 97182
005 20231031110816.0
035 |a (RuTPU)RU\TPU\book\104177 
090 |a 97182 
100 |a 20060524d2005 k y0rusy50 ca 
101 0 |a rus 
102 |a RU 
200 1 |a Особенности формирования геологических моделей месторождений нефти и газа с низкоомными коллекторами   |f В. С. Екимов [и др.] 
463 0 |0 (RuTPU)RU\TPU\book\66225  |t Проблемы и перспективы развития минерально-сырьевой базы и предприятий ТЭК Сибири  |o материалы межрегиональной научно-практической конференции, Томск, 2005 г.  |f Межрегиональная ассоциация "Сибирское соглашение"; Территориальное агентство по недропользованию по Томской области; Томский политехнический университет; Сибирское отделение РАН; ОАО "Томскнефть"; Томский научно-исследовательский институт нефти и газа (ТомскНИПИнефть ВНК); Проблемы и перспективы развития минерально-сырьевой базы и предприятий ТЭК Сибири, межрегиональная научно-практическая конференция; [гл. ред. В. Г. Емешев]  |v С. 109-115.  |d 2005  |p 339 с. 
610 1 |a геологические модели 
610 1 |a модели 
610 1 |a нефть 
610 1 |a месторождения 
610 1 |a газ 
610 1 |a нефтяные месторождения 
610 1 |a коллекторы 
610 1 |a низкоомные коллекторы 
610 1 |a труды учёных ТПУ 
701 1 |a Екимов  |b В. С. 
701 1 |a Ростовцев  |b В. Н. 
701 1 |a Ростовцев  |b В. В. 
701 1 |a Филиппов  |b В. М. 
801 1 |a RU  |b 63413507  |c 20060524  |g PSBO 
801 2 |a RU  |b 63413507  |c 20151119  |g PSBO 
942 |c BK